Fischer Zoltán
Elmentve itt :
| Dokumentumtípus: | Cikk |
|---|---|
| Megjelent: |
1927-06-15
|
| Sorozat: | Délmagyarország
3 No. 136 |
| Kulcsszavak: | Fischer Zoltán, Gyászjelentés Szeged 1927 |
| Online Access: | http://dmarchiv.bibl.u-szeged.hu/38000 |
| LEADER | 00414nab a2200145 i 4500 | ||
|---|---|---|---|
| 001 | delm38000 | ||
| 005 | 20180927112921.0 | ||
| 008 | 180927s1927 hu o 0|| hun d | ||
| 040 | |a SZTE Délmagyarország Archívum |b hun | ||
| 041 | |a hun | ||
| 245 | 0 | 0 | |a Fischer Zoltán |h [elektronikus dokumentum] |
| 260 | |c 1927-06-15 | ||
| 300 | |a 6 | ||
| 490 | 0 | |a Délmagyarország |v 3 No. 136 | |
| 695 | |a Fischer Zoltán, Gyászjelentés Szeged 1927 | ||